NLSUI OPAC header image

The theory of social structure. (Record no. 1238)

MARC details
000 -LEADER
fixed length control field 00519cam a22001571 4500
001 - CONTROL NUMBER
control field 8411042
005 - DATE AND TIME OF LATEST TRANSACTION
control field 20260113050040.0
008 - FIXED-LENGTH DATA ELEMENTS--GENERAL INFORMATION
fixed length control field 841017s1957 xx a b 000 0 eng c
100 1# - MAIN ENTRY--PERSONAL NAME
Personal name Nadel, S. F.
Fuller form of name (Siegfried Frederick),
Dates associated with a name 1903-1956.
245 14 - TITLE STATEMENT
Title The theory of social structure.
Statement of responsibility, etc. With a memoir by Meyer Fortes.
260 ## - PUBLICATION, DISTRIBUTION, ETC.
Place of publication, distribution, etc. [Carlton]
Name of publisher, distributor, etc. Melbourne University Press
Date of publication, distribution, etc. [1957]
300 ## - PHYSICAL DESCRIPTION
Extent xvi, 159 p.
Other physical details illus.
Dimensions 22 cm.
650 #0 - SUBJECT ADDED ENTRY--TOPICAL TERM
Topical term or geographic name entry element Sociology.
942 ## - ADDED ENTRY ELEMENTS (KOHA)
Source of classification or shelving scheme Dewey Decimal Classification
Koha item type BOOKs
Holdings
Withdrawn status Lost status Damaged status Not for loan Home library Current library Shelving location Date acquired Cost, normal purchase price Total Checkouts Full call number Barcode Date last seen Date last checked out Price effective from Koha item type
        . .   30.05.2017 35.00 1 305 NAD 1265 21.11.2019 14.11.2019 30.05.2017 BOOKs